书目信息 |
| 题名: |
高等教育心理学
|
|
| 作者: | 燕良轼 主编 | |
| 分册: | ||
| 出版信息: | 长沙 湖南人民出版社 2010.07 |
|
| 页数: | 325页 | |
| 开本: | 24cm | |
| 丛书名: | ||
| 单 册: | ||
| 中图分类: | G640 | |
| 科图分类: | ||
| 主题词: | 高等教育心理学--gao deng jiao yu xin li xue--研究 | |
| 电子资源: | ||
| ISBN: | 978-7-5438-6617-1 | |
| 000 | 00882nam0 2200253 450 | |
| 001 | 012011074812 | |
| 005 | 20111117160832.18 | |
| 010 | @a978-7-5438-6617-1@dCNY34.00 | |
| 100 | @a20111117d2010 em y0chiy0120 ea | |
| 101 | 0 | @achi |
| 102 | @aCN@b430000 | |
| 105 | @aak a 000yy | |
| 106 | @ar | |
| 200 | 1 | @a高等教育心理学@Agao deng jiao yu xin li xue@f燕良轼主编@Fzhu bian yan liang shi |
| 210 | @a长沙@c湖南人民出版社@d2010.07 | |
| 215 | @a325页@c图@d24cm | |
| 300 | @a高等学校教师岗前培训教材 | |
| 320 | @a有书目 (第321-323页) | |
| 330 | @a本书内容包括:认识高等教育心理学、高校学生身心发展的一般特征、高校学生学习心理概述、高校学生的知识与技能学习、高校学生学习迁移等。 | |
| 606 | 0 | @a高等教育心理学@Agao deng jiao yu xin li xue@x研究 |
| 690 | @aG640@v4 | |
| 701 | 0 | @a燕良轼@Ayan liang shi@4主编 |
| 801 | 0 | @aCN@bQSSK@c20111117 |
| 905 | @b795315-17@dG640@eY036@f3 | |
| 高等教育心理学/燕良轼主编.-长沙:湖南人民出版社,2010.07 |
| 325页:图;24cm |
| 高等学校教师岗前培训教材 |
| ISBN 978-7-5438-6617-1:CNY34.00 |
| 本书内容包括:认识高等教育心理学、高校学生身心发展的一般特征、高校学生学习心理概述、高校学生的知识与技能学习、高校学生学习迁移等。 |
| ● |
| 相关链接 |
|
|
|
正题名:高等教育心理学
索取号:G640/Y036
 
预约/预借
| 序号 | 登录号 | 条形码 | 馆藏地/架位号 | 状态 | 备注 |
| 1 | 795315 | 207953151 | 社科库409/409社科库 9排4列4层/ [索取号:G640/Y036] | 在馆 | |
| 2 | 795316 | 207953160 | 社科库409/409社科库 9排4列4层/ [索取号:G640/Y036] | 在馆 | |
| 3 | 795317 | 207953179 | 社科二线422/409社科库 9排4列4层/ [索取号:G640/Y036] | 在馆 |